000 06156namaa22004331i 4500
003 EG-GICUC
005 20260415125405.0
008 260401s2025 ua a|||frm||| 000 0 eng d
040 _aEG-GICUC
_beng
_cEG-GICUC
_dEG-GICUC
_erda
041 0 _aeng
_beng
_bara
049 _aDeposit
082 0 4 _a615.82
092 _a615.82
_221
097 _aM.Sc
099 _aCai01.21.03.M.Sc.2025.Mo.E
100 0 _aMohamed Ibrahim Hassan Ibrahim,
_epreparation.
245 1 0 _aEfficacy of adding blood flow restriction training to the rehabilitation after operative treatment of extra-articular femoral fracture /
_cby Mohamed Ibrahim Hassan Ibrahim ; Supervisors Dr. Karima Abdelaty Hassan, Dr. Abdelgalil Allam Abdelgalil Shaaban.
246 1 5 _aتأثير البرنامج التأهيلى أثناء تقييد تدفق الدم بعد العمليات فى كسور عظمة الفخد الغير مفصلية
264 0 _c2025
300 _a92 pages :
_billustrations ;
_c25 cm. +
_eCD.
336 _atext
_2rda content
337 _aUnmediated
_2rdamedia
338 _avolume
_2rdacarrier
502 _aThesis (M.Sc)-Cairo University, 2025.
504 _aBibliography: pages 76-92.
520 3 _aBackground: Extra-articular femur fracture can significantly affect functional ability. Lately, Blood flow restriction training has gained popularity in rehabilitation. Purpose: This randomized controlled trial conducted to evaluate the effectiveness of BFR training compared to conventional rehabilitation exercise therapy post-surgical rehabilitation of extra-articular femur fractures. Methods: Sixteen patients who made open reduction internal fixation were randomly assigned to two groups: Group A (Experimental group, n = 8) did exercises with BFR, and Group B (Conventional group, n = 8) did therapeutic exercises with non-BFR for 6 weeks. All outcomes were assessed before and after rehabilitation, including thigh circumference, isometric muscle strength for (hip flexion, abduction and knee extension), hip range of motion, pain intensity, time up and go test, and lower extremity functional scale. Data were analyzed by using SPSS with mixed MANOVA, paired t-tests, and significance set at (p <0.05). Results: Group A demonstrated greater improvements than Group B in isometric strength (hip flexion and knee extension), pain reduction (VAS), functional mobility (TUG), and LEFS scores (p<0.05). At the same time, both groups showed improvements in ROM and thigh circumference but there was nonsignificant difference between them after treatment. Conclusion: blood flow restriction training in post-surgical rehabilitation in extra-articular femur fractures has a high result in muscle strength, pain reduction and functional performance in comparison to exercise without blood flow restriction training.
520 3 _aالخلفية: يمكن أن يؤثر كسر عظم الفخذ خارج المفصل بشكل كبير على القدرة الوظيفية. في الآونة الأخيرة، اكتسب تدريب تقييد تدفق الدم شعبية في إعادة التأهيل. تهدف هذه التجربة العشوائية المضبوطة إلى تقييم فعالية تدريب تقييد تدفق الدم (BFR) بالمقارنة مع العلاج بالتمارين التأهيلية التقليدية بعد جراحة إعادة تأهيل كسور عظم الفخذ خارج المفصل. الهدف: دراسة تأثير تدريب تقييد تدفق الدم مع تمارين منخفضة الحمل. الطريقة: تم توزيع ستة عشر مريضًا خضعوا للتثبيت الداخلي المفتوح بشكل عشوائي على مجموعتين: المجموعة أ (مجموعة BFR، عددهم = 8) مارست تمارين مع BFR، والمجموعة ب (مجموعة غير BFR، عددهم = 8) مارست تمارين علاجية مع غير BFR. تم تقييم جميع النتائج قبل الجراحة وبعدها، بما في ذلك محيط الفخذ، وقوة العضلات (لثني الورك، وخطف الورك، ومد الركبة)، ومدى حركة الورك، وشدة الألم، واختبار TUG، ومقياس وظائف الأطراف السفلية. تم تحليل البيانات باستخدام برنامج SPSS مع تحليل التباين المتعدد (MANOVA) المختلط، واختبارات t المقترنة، وتعيين الدلالة الإحصائية عند (p < 0.05). النتائج: أظهرت المجموعة (أ) تحسنًا أكبر من المجموعة (ب) في القوة المتساوية القياس (ثني الورك ومد الركبة)، وتقليل الألم (VAS)، والحركة الوظيفية (TUG)، ودرجات LEFS (p < 0.05). بينما أظهرت كلتا المجموعتين تحسنًا في مدى الحركة ومحيط الفخذ. الخلاصة: يُظهر تدريب تقييد تدفق الدم في إعادة التأهيل بعد الجراحة لكسور عظم الفخذ خارج المفصل نتائج عالية في قوة العضلات، وتقليل الألم، والأداء الوظيفي مقارنةً بالتمرين بدون تدريب تقييد تدفق الدم.
530 _aIssues also as CD.
546 _aText in English and abstract in Arabic & English.
650 0 _aPhysical Therapy
650 0 _aالعلاج الطبيعى
653 1 _aBlood flow restriction training
_afemur fracture
_apost-surgical rehabilitation
_alow load resistance training
_aتدريب تقييد تدفق الدم
_aكسر عظم الفخذ
700 0 _aKarima Abdelaty Hassan
_ethesis advisor.
700 0 _aAbdelgalil Allam Abdelgalil Shaaban
_ethesis advisor.
900 _b01-01-2025
_cKarima Abdelaty Hassan
_cAbdelgalil Allam Abdelgalil Shaaban.
_UCairo University
_FFaculty of Physical Therapy
_DDepartment of Physical Therapy for Musculoskeletal Disorders and Its Surgery
905 _aShimaa
_eEman Ghareb
942 _2ddc
_cTH
_e21
_n0
999 _c179130